Central Library OPAC University of Rajshahi

Discourse on contemporary political thought / (Record no. 77414)

MARC details
000 -LEADER
fixed length control field 00582nam a22002057a 4500
001 - CONTROL NUMBER
control field 77414
003 - CONTROL NUMBER IDENTIFIER
rucl marc code BD-RjUL
005 - DATE AND TIME OF LATEST TRANSACTION
control field 20211209082952.0
008 - FIXED-LENGTH DATA ELEMENTS--GENERAL INFORMATION
fixed length control field 200906s2019 bd ||||| |||| 00| 0 eng d
035 ## - SYSTEM CONTROL NUMBER
System control number (BD-RjUL)77639
040 ## - CATALOGING SOURCE
Original cataloging agency BD-RjUL
Language of cataloging eng
Transcribing agency BD-RjUL
041 ## - LANGUAGE CODE
Language code of text/sound track or separate title eng
082 ## - DEWEY DECIMAL CLASSIFICATION NUMBER
Edition number 23
Classification number 320.01
Author mark and year HAD 2019
100 ## - MAIN ENTRY--PERSONAL NAME
Personal name Halim, Shah Abdul
9 (RLIN) 241293
245 ## - TITLE STATEMENT
Title Discourse on contemporary political thought /
Statement of responsibility, etc. Shah Abdul Halim
260 ## - PUBLICATION, DISTRIBUTION, ETC. (IMPRINT)
Place of publication, distribution, etc. Dhaka :
Name of publisher, distributor, etc. Open press,
Date of publication, distribution, etc. 2019
300 ## - PHYSICAL DESCRIPTION
Pagination 368 pages ;
Size 22 cm.
650 ## - SUBJECT ADDED ENTRY--TOPICAL TERM
Topical term or geographic name as entry element Political science
General subdivision Philosophy
9 (RLIN) 241292
942 ## - ADDED ENTRY ELEMENTS (KOHA)
Source of classification or shelving scheme Dewey Decimal Classification
Koha item type Books
Holdings
Lost status Source of classification or shelving scheme Damaged status Not for loan Permanent Location Current Location Shelving location Date acquired Source of acquisition Cost, normal purchase price Total Checkouts Full call number Date last seen Copy number Koha item type
  Dewey Decimal Classification   Not For Loan Central Library, University of Rajshahi Central Library, University of Rajshahi Reading Room 02/09/2020 Author 1000.00   320.01 HAD 2019 06/09/2020 C-1 Books
  Dewey Decimal Classification     Central Library, University of Rajshahi Central Library, University of Rajshahi   02/09/2020 Author 1000.00   320.01 HAD 2019 06/09/2020 C-2 Books